000 00506nam a22001697a 4500
999 _c8772
_d8772
008 201214b ||||| |||| 00| 0 eng d
040 _aBMS College of Architecture
100 _aMaskara, Vedant
245 _aWaterfront cultural center
300 _a53p.
500 _a1BM11AT080
502 _8B,Arch
_NBMS College of Architecture, Visvesvaraya Technological University (VTU)
_aProject report
_d2015
650 _aNA
700 _aSowmya M
_eGuide
700 _aChaitali Babar
_eGuide
942 _2ddc
_cTHE